| 000 | 00445ntaaa2200181 4500 | ||
|---|---|---|---|
| 003 | 01 | ||
| 005 | 20251027201604.0 | ||
| 008 | 0714s1973 ag 01 | ||
| 040 |
_aAR-BaBN _bspa _cAR-BaBN _eaacr _dRIC |
||
| 082 | _a230.0000 R39 | ||
| 100 | _aRichardson, Alan | ||
| 245 | _aDebate contemporáneo sobre la religión | ||
| 250 | _a1 ed. | ||
| 260 |
_aBilbao : _bEdición Mensajero, _c1968 |
||
| 300 | _a156 p. | ||
| 650 | _aTeología | ||
| 942 | _cBK | ||
| 999 |
_c10473 _d10473 |
||